| 000 | 03408nam a22004217a 4500 | ||
|---|---|---|---|
| 005 | 20100723145225.0 | ||
| 010 | _aENG-96545 B-423941-953 | ||
| 020 |
_a9789380283937 _c295.00 |
||
| 035 | _aEN-80078 | ||
| 035 | _a B-423941-953 | ||
| 037 | _bDBAD/PUB | ||
| 037 | _bResearchco Book Centre | ||
| 082 | _aS | ||
| 100 | _aCanfield, Jack | ||
| 245 |
_aChicken soup for the soul older and wiser: _cby Jack Canfield [and] Mark Victor Hansen; edited by Amy Newmark _bstories of inspiration humor, and wisdom about life at a certain age / |
||
| 260 |
_aNew Delhi _bWestland _c2008 |
||
| 270 |
_aTenkat Towers, Old No. 307, P. H. Road, Maduravoyal, Chennai-600095 _bChennai |
||
| 300 |
_axii, 411p. _c21cm (pbk) |
||
| 700 |
_aHansen, Mark Victor _9865 |
||
| 700 |
_aNewmark, amy _91026 |
||
| 700 |
_aNewmark, Amy _91026 |
||
| 942 |
_2ddc _cEN _mCAN _hS |
||
| 999 |
_c37412 _d37412 |
||